000
00261nam a2200109Ia 4500
008
230907s9999||||xx |||||||||||||| ||und||
082
_a
620.106
_b
CEN
100
_a
Çengel, Yunus A.
245
0
_a
Fluid mechanics :
300
_a
xxii, 1000 pages :
942
_c
BK
999
_c
600972
_d
600972